<?xml version="1.0" encoding="UTF-8"?>
<collection xmlns:xsi="http://www.w3.org/2001/XMLSchema-instance" xsi:schemaLocation="http://www.loc.gov/MARC21/slim http://www.loc.gov/standards/marcxml/schema/MARC21slim.xsd" xmlns="http://www.loc.gov/MARC21/slim">
 <record>
  <leader>00000cam a22000004i 4500</leader>
  <controlfield tag="001">UP-99796217612665551</controlfield>
  <controlfield tag="003">Buklod</controlfield>
  <controlfield tag="005">20180201145422.0</controlfield>
  <controlfield tag="006">m     q  i        </controlfield>
  <controlfield tag="007">ta</controlfield>
  <controlfield tag="008">130723s2014    nyu     rb   |001 0|eng c</controlfield>
  <datafield tag="020" ind1=" " ind2=" ">
   <subfield code="a">9781138205925</subfield>
  </datafield>
  <datafield tag="020" ind1=" " ind2=" ">
   <subfield code="z">9781315849881 (ebook)</subfield>
  </datafield>
  <datafield tag="035" ind1=" " ind2=" ">
   <subfield code="a">(iLib)UPD-00360912466</subfield>
  </datafield>
  <datafield tag="040" ind1=" " ind2=" ">
   <subfield code="a">DLC</subfield>
   <subfield code="d">DAC</subfield>
   <subfield code="e">rda</subfield>
  </datafield>
  <datafield tag="041" ind1=" " ind2=" ">
   <subfield code="a">eng</subfield>
  </datafield>
  <datafield tag="042" ind1=" " ind2=" ">
   <subfield code="a">pcc</subfield>
  </datafield>
  <datafield tag="050" ind1="0" ind2="0">
   <subfield code="a">HN 700.6 K78</subfield>
   <subfield code="b">O86 2014</subfield>
  </datafield>
  <datafield tag="245" ind1="0" ind2="4">
   <subfield code="a">The other Kuala Lumpur</subfield>
   <subfield code="b">living in the shadows of a globalising Southeast Asian city</subfield>
   <subfield code="c">edited by Yeoh Seng Guan.</subfield>
  </datafield>
  <datafield tag="264" ind1=" " ind2="1">
   <subfield code="a">New York</subfield>
   <subfield code="b">Routledge</subfield>
   <subfield code="c">2014.</subfield>
  </datafield>
  <datafield tag="300" ind1=" " ind2=" ">
   <subfield code="a">xiii, 220 pages</subfield>
   <subfield code="c">24 cm.</subfield>
  </datafield>
  <datafield tag="336" ind1=" " ind2=" ">
   <subfield code="a">text</subfield>
   <subfield code="2">rdacontent</subfield>
  </datafield>
  <datafield tag="337" ind1=" " ind2=" ">
   <subfield code="a">unmediated</subfield>
   <subfield code="2">rdamedia</subfield>
  </datafield>
  <datafield tag="338" ind1=" " ind2=" ">
   <subfield code="a">volume</subfield>
   <subfield code="2">rdacarrier</subfield>
  </datafield>
  <datafield tag="490" ind1="0" ind2=" ">
   <subfield code="a">Routledge Malaysian studies series</subfield>
   <subfield code="v">15</subfield>
  </datafield>
  <datafield tag="504" ind1=" " ind2=" ">
   <subfield code="a">Includes bibliographical references and index.</subfield>
  </datafield>
  <datafield tag="505" ind1="0" ind2=" ">
   <subfield code="a">Introduction : the world class city and subaltern Kuala Lumpur / Yeoh Seng Guan -- Globalising Kuala Lumpur and rationalising the street : hawkers and the aporias of urban renewal along Petaling Street and Jalan Masjid India / Josh Lepawsky and Rodney Jubilado -- Can law do justice? : everyday ethics and the transformation of urban life in Kuala Lumpur / Richard Baxstrom -- Citizenship and the city : visions and revisions of Malaysia / Julian C.H. Lee -- The moderate and the excessive : performing Malay consumption / Johan Fischer -- Housing Hindu deities in urban landscapes : insights from Singapore and Kuala Lumpur / Vineeta Sinha -- Seeking refuge in Kuala Lumpur : personal and collective strategies to relieve vulnerability amongst asylum seekers, refugees and stateless persons / Alice M. Nah -- The creation of sexual dissidence in Kuala Lumpur : the case of Seksualiti Merdeka / Julian C.H. Lee -- The last plantations in Kuala Lumpur / S. Nagarajan and Andrew Willford.</subfield>
  </datafield>
  <datafield tag="520" ind1=" " ind2=" ">
   <subfield code="a">&quot;Kuala Lumpur, like many Southeast Asian cities, has changed very significantly in recent decades--expanding its size, &quot;modernising&quot; and &quot;globalising&quot;. For many people these changes represent &quot;progress&quot;. This book, however, focuses on the more marginalised sections of society, especially those people whose lives have been adversely affected by recent changes. It considers how the everyday lives of the marginalised in society have been affected by recent changes, showing how urban renewal, the law, and Malay nationalism and Islamicisation often work against many of these marginal groups, and examining how they struggle to survive&quot;--Provided by publisher.</subfield>
  </datafield>
  <datafield tag="546" ind1=" " ind2=" ">
   <subfield code="a">In English</subfield>
  </datafield>
  <datafield tag="650" ind1=" " ind2="0">
   <subfield code="a">Marginality, Social</subfield>
   <subfield code="z">Malaysia</subfield>
   <subfield code="z">Kuala Lumpur.</subfield>
  </datafield>
  <datafield tag="650" ind1=" " ind2="0">
   <subfield code="a">Sociology, Urban</subfield>
   <subfield code="z">Malaysia</subfield>
   <subfield code="z">Kuala Lumpur.</subfield>
  </datafield>
  <datafield tag="651" ind1=" " ind2="0">
   <subfield code="a">Kuala Lumpur (Malaysia)</subfield>
   <subfield code="x">Social conditions.</subfield>
  </datafield>
  <datafield tag="700" ind1="1" ind2=" ">
   <subfield code="a">Yeoh, Seng Guan</subfield>
   <subfield code="e">editor of compilation.</subfield>
  </datafield>
  <datafield tag="700" ind1="1" ind2="2">
   <subfield code="a">Lepawsky, Josh</subfield>
   <subfield code="d">1972-</subfield>
   <subfield code="t">Globalising Kuala Lumpur and rationalising the street.</subfield>
  </datafield>
  <datafield tag="905" ind1=" " ind2=" ">
   <subfield code="a">FO</subfield>
  </datafield>
  <datafield tag="852" ind1="0" ind2=" ">
   <subfield code="a">UPD</subfield>
   <subfield code="b">DAC</subfield>
   <subfield code="h">HN 700.6 K78 O86 2014</subfield>
  </datafield>
  <datafield tag="942" ind1=" " ind2=" ">
   <subfield code="a">Book</subfield>
  </datafield>
 </record>
</collection>
